000 00374nam a2200157Ia 4500
003 Ost
005 20260225132546.0
008 260225s9999||||xx |||||||||||||| ||und||
040 _cfsic
041 _afre
082 _a440
100 _aAlain samuelson
_eAuteur
245 0 _aLes grands courants de la pensée ecinomique /
245 0 _cAlain samuelson
942 _cكتاب
999 _c33816
_d33816